Deadbeat - Tame Impala (Tracklist) - Statistics

General Stats
  • This quiz has been taken 8 times
  • The average score is 10 of 12
Answer Stats
TRACKS % Correct
Dracula
100%
Loser
100%
Afterthought
88%
End Of Summer
88%
My Old Ways
88%
See You On Monday (You're Lost)
88%
Ethereal Connection
75%
No Reply
75%
Not My World
75%
Oblivion
75%
Obsolete
75%
Piece Of Heaven
63%
No matching quizzes found
Score Distribution
Percent of People with Each Score
Percentile by Number Answered
Your Score History
You have not taken this quiz